University of San Francisco journal of law & social challenges.
Saved in:
| New Title: | Journal of law & social challenges |
|---|---|
| Corporate Author: | |
| Format: | Journal |
| Language: | English |
| Published: |
San Francisco, Calif. :
University of San Francisco School of Law,
c1997.
|
| Subjects: | |
| Tags: |
Add Tag
No Tags, Be the first to tag this record!
|
| LEADER | 01407cas a2200385 a 4500 | ||
|---|---|---|---|
| 001 | 007764208-2 | ||
| 005 | 20080229163550.0 | ||
| 008 | 980127d19971997cauar1p g 0 a0eng d | ||
| 010 | |a 98646596 |z sn 98004748 |z sn 98007959 | ||
| 022 | 0 | |a 1520-0159 | |
| 035 | 0 | |a ocm38273430 | |
| 035 | 0 | |a ocm38273430 |z ocm38269395 | |
| 040 | |a KWL |c KWL |d NSD |d DLC |d ECB |d DLC |d HVL | ||
| 042 | |a nsdp |a lc | ||
| 043 | |a n-us-ca | ||
| 050 | 0 | 0 | |a K25 |b .N73147 |
| 082 | 1 | 0 | |a 344 |2 13 |
| 210 | 0 | |a Univ. San Franc. j. law social chall. | |
| 222 | 0 | |a University of San Francisco journal of law & social challenges | |
| 245 | 0 | 0 | |a University of San Francisco journal of law & social challenges. |
| 246 | 3 | |a University of San Francisco journal of law and social challenges | |
| 246 | 1 | 3 | |a U.S.F. journal of law & social challenges |
| 246 | 1 | 3 | |a JLSC |
| 246 | 1 | 8 | |a Journal of law & social challenges |
| 246 | 1 | |i Cited as: |a U.S.F. J.L. & Soc. Challenges | |
| 260 | |a San Francisco, Calif. : |b University of San Francisco School of Law, |c c1997. | ||
| 300 | |a 1 v. ; |c 25 cm. | ||
| 310 | |a Annual | ||
| 362 | 0 | |a Vol. 1, no. 1 (fall 1997). | |
| 650 | 0 | |a Sociological jurisprudence |v Periodicals. | |
| 650 | 0 | |a Political sociology |v Periodicals. | |
| 710 | 2 | |a University of San Francisco. |b School of Law. | |
| 785 | 0 | 0 | |t Journal of law & social challenges |w (DLC) sn99-031999 |w (OCoLC)42775827 |
| 988 | |a 20020608 | ||
| 906 | |0 OCLC | ||


